000 00477nam a2200193Ia 4500
005 20240731011633.0
008 240331s9999 xx 000 0 und d
020 _a8120810163
082 _bPAN
_a294
100 _aPande,G.C
245 0 _aStudent in the :
_borigins of Buddhism
260 _aNew Delhi
_bMotilal Banarsidass Publishers
_c1995
300 _axvi, 604 p .,
650 _aHistory
650 _aBuddhism
650 _aCultural
650 _aSocial
942 _cL
999 _c4506
_d4506